000 00464nam a22001577a 4500
999 _c181755
_d181755
005 20211005152735.0
010 _aEN230921
020 _a9789390260386
_c500.00
037 _bRupa Publications
100 _aDebroy, Bibek
245 _aThe bhagavad gita for millennials /
_cby Bibek Debroy
260 _aNew Delhi
_bRupa Publications
_c2021
270 _a7/16, Ansari Road, Daryaganj
_bNew Delhi
_e110002
300 _axii, 210p.
_c22cm(Hb)
942 _2ddc
_cEN
_mDEB